Combating Malnutrition : (Record no. 17187)
[ view plain ]
| 000 -LEADER | |
|---|---|
| fixed length control field | 01227cam a22003257a 4500 |
| 001 - CONTROL NUMBER | |
| control field | 13401098 |
| 005 - DATE AND TIME OF LATEST TRANSACTION | |
| control field | 20130131135920.0 |
| 008 - FIXED-LENGTH DATA ELEMENTS--GENERAL INFORMATION | |
| fixed length control field | 031112s2003 dcua b i001 0 eng d |
| 020 ## - INTERNATIONAL STANDARD BOOK NUMBER | |
| International Standard Book Number | 0821354450 |
| 082 00 - DEWEY DECIMAL CLASSIFICATION NUMBER | |
| Classification number | 363.87 |
| Edition number | 22 |
| Item number | COM |
| 245 00 - TITLE STATEMENT | |
| Title | Combating Malnutrition : |
| Remainder of title | Time to Act / |
| Statement of responsibility, etc | Stuart Gillespie, Milla McLachlan, Roger Shrimpton, editors. |
| 260 ## - PUBLICATION, DISTRIBUTION, ETC. (IMPRINT) | |
| Place of publication, distribution, etc | Washington, D.C. : |
| Name of publisher, distributor, etc | World Bank : |
| -- | UNICEF, |
| Date of publication, distribution, etc | c2003. |
| 300 ## - PHYSICAL DESCRIPTION | |
| Extent | ix, 165 p. : |
| Other physical details | ill. ; |
| Dimensions | 23 cm. |
| 490 1# - Series Statement | |
| Series statement | Health, nutrition, and population series |
| 500 ## - GENERAL NOTE | |
| General note | At head of title: Human Development Network. |
| 500 ## - GENERAL NOTE | |
| General note | "World Bank-UNICEF Nutrition Assessment." |
| 504 ## - BIBLIOGRAPHY, ETC. NOTE | |
| Bibliography, etc | Includes bibliographical references (p. 153-158) and index. |
| 650 #0 - SUBJECT ADDED ENTRY--TOPICAL TERM | |
| Topical term or geographic name as entry element | Malnutrition |
| General subdivision | Prevention. |
| 9 (RLIN) | 32208 |
| 650 #0 - SUBJECT ADDED ENTRY--TOPICAL TERM | |
| Topical term or geographic name as entry element | Nutrition policy. |
| 9 (RLIN) | 32209 |
| 650 #0 - SUBJECT ADDED ENTRY--TOPICAL TERM | |
| Topical term or geographic name as entry element | Malnutrition |
| General subdivision | Economic aspects. |
| 9 (RLIN) | 32210 |
| 650 #0 - SUBJECT ADDED ENTRY--TOPICAL TERM | |
| Topical term or geographic name as entry element | Poverty. |
| 9 (RLIN) | 32211 |
| 653 ## - INDEX TERM--UNCONTROLLED | |
| Resource For college | |
| Arrived date list | January2013 |
| 700 1# - ADDED ENTRY--PERSONAL NAME | |
| Personal name | Gillespie, Stuart |
| Fuller form of name | (Stuart R.) |
| 9 (RLIN) | 32212 |
| 700 1# - ADDED ENTRY--PERSONAL NAME | |
| Personal name | McLachlan, Milla. |
| 9 (RLIN) | 32213 |
| 700 1# - ADDED ENTRY--PERSONAL NAME | |
| Personal name | Shrimpton, Roger. |
| 9 (RLIN) | 32214 |
| 710 2# - ADDED ENTRY--CORPORATE NAME | |
| Corporate name or jurisdiction name as entry element | World Bank. |
| Subordinate unit | Human Development Network. |
| 9 (RLIN) | 32215 |
| 710 2# - ADDED ENTRY--CORPORATE NAME | |
| Corporate name or jurisdiction name as entry element | UNICEF. |
| 9 (RLIN) | 32216 |
| 830 #0 - SERIES ADDED ENTRY--UNIFORM TITLE | |
| Uniform title | Health, nutrition, and population series. |
| 9 (RLIN) | 32174 |
| 942 ## - ADDED ENTRY ELEMENTS (KOHA) | |
| Source of classification or shelving scheme | Dewey Decimal Classification |
| Item type | Book - Borrowing |
| Withdrawn status | Item status | Source of classification or shelving scheme | Damaged status | Not for loan | Vendor | Home library | Current library | Shelving location | Date acquired | Source of acquisition | Cost, normal purchase price | Serial Enumeration / chronology | Total Checkouts | Full call number | Barcode | Date last seen | Koha item type |
|---|---|---|---|---|---|---|---|---|---|---|---|---|---|---|---|---|---|
| Dewey Decimal Classification | THe Middle East Observer | Central Library | Central Library | First floor | 31/01/2013 | 30.00 | 001339 | 363.87 COM | 000027949 | 15/07/2025 | Book - Borrowing |